Top Ten Heat Players (Ever) - Statistics

General Stats
  • This quiz has been taken 23 times
  • The average score is 6 of 10
Answer Stats
# Player % Correct
3 Dwyane Wade
100%
1 LeBron James
100%
7 Chris Bosh
90%
2 Shaquille O'Neal
86%
4 Alonzo Mourning
71%
6 Udonis Haslem
52%
5 Tim Hardaway
29%
8 Glen Rice
19%
10 Rony Seikaly
19%
9 Eddie Jones
14%
No matching quizzes found
Score Distribution
Percent of People with Each Score
Percentile by Number Answered
Your Score History
You have not taken this quiz